000 00579nam a22002057a 4500
999 _c12529
_d12529
003 AR-CdUCM
008 190409b ||||| |||| 00| 0 spa d
040 _aMUNICIPALIDAD PROVINCIAL DEL CUSCO
_cBIBLIOTECA MUNICIPAL DEL CUSCO
082 _22ed.
_a869.56 /
_bO49 / 1946
100 _aOllanta
_930404
245 _aCancionero popular /
260 _aCusco :
500 _aDonación familia Nieto
505 _aContenido : Canción /
650 _aLiteratura
_983
650 _aCanciones
_914568
650 _aPoesias
_92556
942 _2ddc
_cPP
945 _arjall
_d2019-04-09